000 00758nam a2200253Ia 4500
003 OSt
005 20220918171310.0
006 a|||||r|||| 00| 0
007 ta
008 220917b |||||||| |||| 00| 0 eng d
020 _a9781472514936 (pbk)
_c699
024 _a284,771
037 _bIN3888, 26/03/2015, International Book Centre
_cTextual
040 _aARTS
_cARTS
_beng
041 _2eng
_aeng
082 _aR3xN49, P5
100 _aZizek Slavoj Ed.
_935525
245 0 _aInterrogating the real
260 _aLondon
_bBloomsbury UK
_c2005
300 _axxvii, 373p.
_ccm.
650 _aPHILOSOPHY
942 _hR3xN49, P5
_cTEXL
_2CC
999 _c138857
_d138857